| 000 | 01313nam a2200361 i 4500 | ||
|---|---|---|---|
| 001 | 34802 | ||
| 003 | KOSZ 005 | ||
| 005 | 20220117095948.0 | ||
| 008 | 070620s1969 pl a f 001 0 pol | ||
| 015 | _aPB 1969/5209 | ||
| 040 |
_aWA N _cWA N _dKOSZ 005/RW |
||
| 041 | 0 |
_apol _beng _bfre _bger _brus |
|
| 046 | _k1969 | ||
| 080 | _a007(084.1) | ||
| 100 | 1 |
_aGreniewski, Henryk _d(1903-1972) _eAutor |
|
| 245 | 1 | 0 |
_aCybernetyka niematematyczna / _cHenryk Greniewski ; Polskie Towarzystwo Cybernetyczne. |
| 260 |
_aWarszawa : _bPaństwowe Wydawnictwo Naukowe, _c1969. |
||
| 300 |
_a515, [1] stron : _bilustracje ; _c22 cm. |
||
| 336 |
_aTekst _btxt _2rdacontent |
||
| 337 |
_aBez urządzenia pośredniczącego _bn _2rdamedia |
||
| 338 |
_aWolumin _bnc _2rdacarrier |
||
| 380 | _aKsiążki. | ||
| 388 | _a1901-2000 | ||
| 490 | 1 | _aInformacja i Sterowanie. | |
| 504 | _aBibliografia na stronach [489]-501. Indeks. | ||
| 546 | _aStreszczenie w języku angielskim, francuskim, niemieckim, rosyjskim. | ||
| 658 | _aInżynieria i technika | ||
| 650 | 4 | _aCybernetyka | |
| 710 | 2 |
_aPaństwowe Wydawnictwo Naukowe _4pbl. |
|
| 856 |
_uhttp://koha.tu.koszalin.pl/cgi-bin/koha/opac-detail.pl?biblionumber=34802 _yKatalog online BPK |
||
| 830 | 0 | _aInformacja i Sterowanie | |
| 942 |
_2UKD _cKS |
||
| 999 |
_c34802 _d34802 |
||